Ancient World Wonders - Statistics

General Stats
  • This quiz has been taken 40 times
  • The average score is 11 of 14
Answer Stats
Hint Answer % Correct
... of ... Babylon
91%
... of ... Giza
91%
Built near the Euphrates River in modern-day Iraq Hanging Gardens
91%
... of ... Alexandria
89%
The final resting place of Egyptian pharoahs Great Pyramid
86%
Helped to guide Nile River ships in and out of the city’s busy harbor Lighthouse
86%
... of ... Rhodes
86%
An enormous bronze sculpture of the sun god Helios Colossus
80%
The god of thunder seated bare-chested at a wooden throne Statue of Zeus
77%
A building dedicated to the goddess of hunting Temple of Artemis
71%
A tomb built by Artemisia for her husband, the king of Carnia in Asia Minor Mausoleum
69%
... at ... Halicarnassus
49%
... at ... Ephesus
46%
... at ... Olympia
46%
No matching quizzes found
Score Distribution
Percent of People with Each Score
Percentile by Number Answered
Your Score History
You have not taken this quiz